Medios de impugnación constitucionales respecto a la violación de los derechos humanos /
Obra en torno al juicio de amparo, recurso jurídico que tiene el ciudadano mexicano cuando sufre un agravio en sus derechos humanos fundamentales. Por medio del juicio de amparo puede solicitar que la autoridad infractora le restituya el uso y goce de la garantía violada.
-д хадгалсан:
| Үндсэн зохиолч: | |
|---|---|
| Формат: | Ном |
| Хэл сонгох: | испани |
| Хэвлэсэн: |
México :
Pac,
2001, c2001
|
| Нөхцлүүд: | |
| Шошгууд: |
Шошго байхгүй, Энэхүү баримтыг шошголох эхний хүн болох!
|
MARC
| LEADER | 00000nam^a2200000^a^4500 | ||
|---|---|---|---|
| 001 | 000124586 | ||
| 005 | 20250521000000.0 | ||
| 009 | 20260310094618.452 | ||
| 020 | |a 970-646-213-9 | ||
| 037 | |a Acervo ITESO - Biblioteca | ||
| 041 | |a ESP | ||
| 082 | |a 342. 72085 |b DIE | ||
| 100 | |a Díez Quintana, Juan Antonio |e (autor) | ||
| 245 | 1 | 0 | |a Medios de impugnación constitucionales respecto a la violación de los derechos humanos / |c J.A. Díez Quintana. |
| 264 | 4 | |a México : |b Pac, |c 2001, c2001 | |
| 300 | |a 181 p. | ||
| 336 | |a texto |b txt |2 rdacontenido | ||
| 337 | |a sin mediación |b n |2 rdamedio | ||
| 338 | |a volumen |b nc |2 rdasoporte | ||
| 520 | |a Obra en torno al juicio de amparo, recurso jurídico que tiene el ciudadano mexicano cuando sufre un agravio en sus derechos humanos fundamentales. Por medio del juicio de amparo puede solicitar que la autoridad infractora le restituya el uso y goce de la garantía violada. | ||
| 649 | |a XX | ||
| 650 | |a Impugnación - |z México | ||
| 650 | |a Amparo - |z México | ||
| 650 | |a Derechos Humanos - |z México | ||
| 650 | |a Derecho Constitucional - |z México | ||
| 650 | |a Derecho Público - |z México | ||
| 910 | |a Fondo General | ||
| 920 | |a Impresos - Libros | ||
| 930 | |a Colección General | ||
| 905 | |a 101 | ||
| 901 | |a 0500057852 |b IT1 |c ACC |u 20250521 | ||
| 902 | |a https://opac.biblio.iteso.mx/vufind/Record/000124586 | ||